Нажми и переведи – французский - Statistics

General Stats
  • This quiz has been taken 67 times
  • The average score is 11 of 20
Answer Stats
Hint Answer % Correct
Магазин Magasin
76%
Компьютер Ordinateur
73%
Вино Vin
73%
Книга Livre
65%
Яблоко Pomme
57%
Город Ville
57%
Жёлтый Jaune
54%
Дом Maison
54%
Среда Mercredi
54%
Лошадь Cheval
51%
Трава Herbe
49%
Рыба Poisson
49%
Неделя Semaine
49%
Дерево Arbre
46%
Хлеб Pain
46%
Голова Tête
46%
Река Fleuve
43%
Лодка Bateau
41%
Облако Nuage
38%
Машина Voiture
35%
No matching quizzes found
Score Distribution
Percent of People with Each Score
Percentile by Number Answered
Your Score History
You have not taken this quiz